000 00313nam a22001337a 4500
008 170922b xxu||||| |||| 00| 0 eng d
020 _a0124734502
041 _aeng
080 _a37
100 _a46
101 _aEDU
245 _aTHE INTERPRETATION OF MULTIPLE OBSERVATIONS
_cMARRIOT, F.H.C
942 _2udc
_cBK
999 _c29077
_d29077